National population and housing census 2011 (National Report)
Saved in:
| Main Author: | |
|---|---|
| Corporate Author: | |
| Format: | Book |
| Published: |
Kathmandu :
Central Bureau of Statistics, ( CBS )
2012
|
| Subjects: | |
| Online Access: | Full Text |
| Tags: |
Add Tag
No Tags, Be the first to tag this record!
|
| LEADER | 00980nam a22002177a 4500 | ||
|---|---|---|---|
| 003 | OSt | ||
| 040 | |c 0 | ||
| 041 | |a Eng. | ||
| 082 | |a 304.6021 | ||
| 100 | |a 0 |9 1 | ||
| 110 | |a Central bereau of statistics |9 440 | ||
| 245 | |a National population and housing census 2011 (National Report) | ||
| 260 | |a Kathmandu : |b Central Bureau of Statistics, ( CBS ) |c 2012 | ||
| 300 | |c 368 p. : tables, |f Document | ||
| 650 | |a Population censues |9 6306 | ||
| 650 | |a Socio - economic well being |9 6309 | ||
| 651 | |a Nepal |9 441 | ||
| 856 | |u https://www.google.com.np/url?sa=t&rct=j&q=&esrc=s&source=web&cd=1&cad=rja&uact=8&ved=0CBsQFjAAahUKEwj_2oqOlrDIAhXFI44KHX5qCdU&url=http%3A%2F%2Fcountryoffice.unfpa.org%2Fnepal%2Fdrive%2FNepal-Census-2011-Vol1.pdf&usg=AFQjCNFZ1QJ23txNix5oLZclDaJkgfzzWg&bvm=bv.104615367,d.c2E |y Full Text | ||
| 942 | |2 ddc |c BK | ||
| 952 | |0 0 |1 0 |2 NLM |4 0 |6 304_602100000000000 |7 0 |9 1064 |a NHRC |b NHRC |c CART |d 2012-12-16 |l 0 |o 304.6021 |p 001644 |r 2012-12-16 |w 2012-12-16 |y BK | ||
| 999 | |c 1030 |d 1030 | ||